| 000 | 00000nam##2200000za#4500 |
| 001 | 9.643270 |
| 003 | CaOODSP |
| 005 | 20210624224106 |
| 007 | cr ||||||||||| |
| 008 | 150407|2004||||xxc|||||o f|0| 0 fre|d |
| 040 | |aCaOODSP|bfre |
| 043 | |an-cn--- |
| 086 | 1 |aEn56-156/2000-1F-PDF |
| 110 | 1 |aCanada.|bEnvironnement Canada. |bDirection de la recherche sur la qualité de l'air. |
| 245 | 10|aDépôt atmosphérique de substances toxiques sur les Grands Lacs : |h[ressource électronique]|brésultats du RMDA jusqu'en 2000 / |cco-publié par la United States Environmental Protection Agency. |
| 260 | |aToronto - Ontario : |bEnvironnement Canada. |c[2004]. |
| 500 | |a«Numéro du rapport de la US EPA: 905-R-04-900»--p.2 de 39. Le n° de catalogue (En56-156/2000-1E) et l'ISBN (0-662-37467-3) de l'édition imprimée en anglais ont été copiés dans l'édition électronique. |
| 590 | |a14-21-Supp|b2014-12-11 |
| 691 | 07|aPolluant|2gcpds |
| 691 | 07|aPollution de l'eau|2gcpds |
| 691 | 07|aProduit toxique|2gcpds |
| 775 | 08|tAtmospheric deposition of toxic substances to the Great Lakes : |w(CaOODSP)9.699296 |
| 856 | 40|ahttp://publications.gc.ca|qPDF|s273 Ko|uhttps://publications.gc.ca/collections/collection_2014/ec/En56-156-2000-1-fra.pdf |